| 000 | 01206nam1a22002291i 4500 | ||
|---|---|---|---|
| 001 | rc\4330639 | ||
| 005 | 20260407122304.0 | ||
| 035 | _a(NLR Aleph) 008270565 | ||
| 090 |
_a8453490 _c8453490 |
||
| 100 | _a20130416d1962 |||y0rusy50 ca | ||
| 101 | 0 | _arus | |
| 102 | _aRU | ||
| 105 | _ay z ||||| | ||
| 200 | 1 |
_aВопросы борьбы с последствиями полиомиелита _eМатериалы V Науч. сессии Ин-та полиомиелита и вирус. энцефалитов АМН СССР и Одес. упр. санаториями М-ва здравоохранения УССР. (Одесса, 23-26 авг. 1961 г.) |
|
| 210 |
_aМосква _cСов. Россия _d1962 |
||
| 215 | _d21 | ||
| 225 | 1 |
_a[Труды Института] _fАМН СССР. Ин-т полиомиелита и вирус. энцефалитов _v[Т. 4] |
|
| 712 | 0 | 2 |
_aИнститут полиомиелита и вирусных энцефалитов им. М. П. Чумакова _bНаучная сессия _cМосква _d5 _eОдесса _f1961 _9644538 _3RU\NLR\AUTH\8810071305 |
| 801 | 0 |
_aRU _bNLR _gpsbo |
|
| 801 | 1 |
_aRU _bELAR _2rusmarc |
|
| 852 |
_aNLR _jП16/982 |
||
| 942 | _cBOOK | ||